| 000 | 00519nam a22001697a 4500 | ||
|---|---|---|---|
| 001 | 45665 | ||
| 003 | BD-DhUET | ||
| 008 | 250802b xxu||||| |||| 00| 0 eng d | ||
| 040 |
_c0 _dBD-DhUET |
||
| 100 | _aNoshin Saiyara | ||
| 245 | _aDevelopment of an integrated flood management strategy for Surma river system from system and community lens | ||
| 260 |
_aDhaka _bInstitute of Water and Flood Management, BUET _c2025 |
||
| 300 | _axi, 125 p. | ||
| 501 | _aOne CD-ROM | ||
| 504 | _aIncludes bibliographies | ||
| 942 | _cTH | ||
| 999 |
_c45665 _d45665 |
||